Flughafencodes Deutschland - Statistiken

Allgemein
  • Dieses Quiz wurde 128 mal gespielt
  • Das Durchschnittsergebnis liegt bei 17 aus 20
Antwortstatistiken
Hint Antwort % Korrekt
Paderborn/Lippstadt PAD
94%
Bremen BRE
93%
Düsseldorf DUS
91%
Erfurt ERF
91%
München MUC
91%
Stuttgart STR
91%
Dresden DRS
90%
Dortmund DTM
89%
Leipzig/Halle LEJ
89%
Berlin Brandenburg BER
88%
Hamburg HAM
88%
Niederrhein NRN
85%
Karlsruhe/Baden-Baden FKB
82%
Köln/Bonn CGN
80%
Frankfurt am Main FRA
79%
Memmingen FMM
78%
Nürnberg NUE
78%
Münster/Osnabrück FMO
72%
Frankfurt-Hahn HHN
65%
Hannover HAJ
62%
Keine übereinstimmenden Quizze gefunden
Verteilung der Resultate
Anzahl Personen mit jedem Resultat
Perzentil nach korrekt beantworteten Fragen
Ihre Resultats-Entwicklung
Sie haben dieses Quiz noch nicht gespielt